000 01067nam a22002897a 4500
001 9010
003 FISKH
005 20251118090417.0
008 251114b cb ||||| |||| 00| 0 eng d
020 _a9781420689457
040 _aFISKH
_beng
_cFISKH
_dFISKH
050 _aPZ7.D8694 S
082 _a459
100 _aDuey, Kathleen
_eAuthor
245 _aSamurai :
_bIn the soldiers series /
_cby Kathleen Duey
260 _aWestminster :
_bTeacher Created Resources ,
_c2006
300 _a95 pages :
_bcolor illustrations ;
_c21 cm
490 _aTime soldier :
_vBook number 6.
505 _aK
520 _aWith newest member Nami serving as translator, the Time Soldiers travel to Edo, Japan, in 1700 and learn of its history from a samurai teacher, then travel further into the past to retrieve a helmet that had been stolen from the teacher during a battle.
521 8 _a600
_bLexile estimate
521 8 _aK
_bRaz-Plus
650 _aChildren's fiction
_vFantasy
700 _aEpstein, Eugene
_eIllustrator
942 _2ddc
_cBK
_n0
999 _c9010
_d9010